000 00269nam a2200121 a 4500
008 110428s1985|||| d
100 1 _aKlimeš, Lumír
245 1 0 _aSlovník cizích slov
260 _bSPN
_aPraha
_c1985
020 _c56
041 _aces
044 _aCZ
999 _c17731
_d17731